De l'organisation des sociétés de prévoyance (Record no. 155629)

MARC details
000 -LEADER
campo de control de longitud fija 00791nam a22001695i 4500
001 - NÚMERO DE CONTROL
campo de control 155629
003 - IDENTIFICADOR DE NÚMERO DE CONTROL
campo de control ES-MaACL
005 - FECHA Y HORA DE LA ÚLTIMA TRANSACCIÓN
campo de control 20230906210141.0
008 - DATOS DE LONGITUD FIJA--INFORMACIÓN GENERAL
campo de control de longitud fija 940202s1852 fr |||| | fre d
040 ## - FUENTE DE CATALOGACIÓN
Centro catalogador/agencia de origen CAM
Lengua de catalogación spa
100 1# - ENTRADA PRINCIPAL--NOMBRE DE PERSONA
Nombre de persona Hubbard, Gustave.
9 (RLIN) 128059
245 10 - MENCIÓN DEL TÍTULO
Título De l'organisation des sociétés de prévoyance
Resto del título : ou, de secours mutuels, et des bases scientifiques sur lesquelles elles doivent être établies ; avec une table de maladie et une table de mortalité dressées sur des documents spéciaux /
Mención de responsabilidad, etc. publié sous la direction du Comité pour la propagation des sociétés de prévoyance, par m. G. Hubbard.
260 ## - PUBLICACIÓN, DISTRIBUCIÓN, ETC.
Lugar de publicación, distribución, etc. Paris :
Nombre del editor, distribuidor, etc. Guillaumin et Cie.,
Fecha de publicación, distribución, etc. 1852.
300 ## - DESCRIPCIÓN FÍSICA
Extensión LXXIX, 240 p. ;
Dimensiones 22 cm.
650 #4 - PUNTO DE ACCESO ADICIONAL DE MATERIA--TÉRMINO DE MATERIA
Término de materia o nombre geográfico como elemento de entrada Seguros.
9 (RLIN) 136860
852 ## - LOCALIZACIÓN
Ubicación ES-MaACL
Número de control de estantería C-3472
Nota libre -- Enc. hol.
Holdings
Estatus retirado Estado de pérdida Estado de daño No para préstamo Colección Biblioteca de origen Biblioteca actual Ubicación en estantería Fecha de adquisición Fuente de adquisición Total de préstamos Signatura topográfica completa Código de barras Visto por última vez Precio de reemplazo Tipo de ítem Koha
        Libros del s. XIX Biblioteca del Ateneo de Madrid Biblioteca del Ateneo de Madrid Sala Palomar 17/01/2008     C-3472 1162790 23/02/2023 23/02/2023 Libro impreso antiguo